SKILLS FOR LIFE INFORMATION LITERACY FOR GRADES K-6 2ND EDITION / (Record no. 617073)
[ view plain ]
| 000 -LEADER | |
|---|---|
| fixed length control field | 00423nam a22001457a 4500 |
| 020 ## - INTERNATIONAL STANDARD BOOK NUMBER | |
| Qualifying information | PB. |
| 040 ## - CATALOGING SOURCE | |
| Transcribing agency | FIZZA ISHAQ |
| 082 ## - DEWEY DECIMAL CLASSIFICATION NUMBER | |
| Classification number | 025.5 |
| Author Mark | CHR |
| 100 ## - MAIN ENTRY--PERSONAL NAME | |
| Personal name | ALLEN,CHRISTINE. |
| 9 (RLIN) | 134133 |
| 245 ## - TITLE STATEMENT | |
| Title | SKILLS FOR LIFE INFORMATION LITERACY FOR GRADES K-6 2ND EDITION / |
| Statement of responsibility, etc. | CHRISTINE ALLEN. |
| 250 ## - EDITION STATEMENT | |
| Edition statement | 2nd ED. |
| 260 ## - PUBLICATION, DISTRIBUTION, ETC. | |
| Name of publisher, distributor, etc. | LINWORTH PUBLISHING INC WORTHINGTON,Ohio, |
| Date of publication, distribution, etc. | 1999. |
| 300 ## - PHYSICAL DESCRIPTION | |
| Extent | 227 P. ; |
| Dimensions | 11.3X8.9IN |
| 942 ## - ADDED ENTRY ELEMENTS (KOHA) | |
| Source of classification or shelving scheme | |
| Koha item type | Book |
| Withdrawn status | Lost status | Source of classification or shelving scheme | Damaged status | Not for loan | Permanent Location | Current Location | Shelving location | Date acquired | Total Checkouts | Full call number | Barcode | Date last seen | Price effective from | Koha item type |
|---|---|---|---|---|---|---|---|---|---|---|---|---|---|---|
| NUST Baluchistan Campus (NBC) | NUST Baluchistan Campus (NBC) | Text Books | 04/15/2026 | 025.5 CHR | QD-614 | 04/15/2026 | 04/15/2026 | Book |
